| 000 | 00723nam a2200181 a 4500 | ||
|---|---|---|---|
| 001 | 000040389 | ||
| 005 | 20201002034112.0 | ||
| 008 | 130823s2009 mx 000 0 spa d | ||
| 020 | _a978968366181 | ||
| 040 |
_aDO-SdBNP _bspa _cBNPHU |
||
| 100 | 1 |
_aTorre Villar, Ernesto de la _966281 |
|
| 245 | 1 | 0 |
_aBreve historia del libro en México / _cErnesto de la Torre Villar. |
| 260 |
_aMéxico : _bUniversidad Nacional Autónoma de México : _bDirección General de Publicaciones y Fomento Editorial, _c2009. |
||
| 300 |
_a235 p. : _bil. ; _c23 cm. |
||
| 500 | _aIncluye datos biográficos del autor en la solpa de la cubierta | ||
| 504 | _aBibliografía : p. 180-193 | ||
| 710 | 2 |
_aUniversidad Nacional Autónoma de México _942447 |
|
| 999 |
_c39879 _d39879 |
||